000
00381nam a22001577a 4500
003
MPLRDC
005
20220104142609.0
008
210129b ||||| |||| 00| 0 eng d
082
_a
716.2 XG
100
_a
不详
245
_a
最新中国分省图
_c
260
_a
_b
新光舆地学社
_c
1956
300
_b
平
650
_a
世界地理--中国地理
942
_c
BK
_o
716.2 XG
999
_c
32166
_d
32156